Automatic process control for chemical engineers (Record no. 25223)

000 -LEADER
fixed length control field 00528nam a2200193 4500
001 - CONTROL NUMBER
control field 25223
003 - CONTROL NUMBER IDENTIFIER
control field BD-DhUET
008 - FIXED-LENGTH DATA ELEMENTS--GENERAL INFORMATION
fixed length control field 150304b1956 xxu||||| |||| 00| 0 eng d
040 ## - CATALOGING SOURCE
Original cataloging agency DLC
Transcribing agency DLC
Modifying agency BD-DhUET
082 ## - DEWEY DECIMAL CLASSIFICATION NUMBER
Classification number 660.28
Item number CEA/1956
100 ## - MAIN ENTRY--PERSONAL NAME
Personal name Ceaglaske, Norman H.
245 ## - TITLE STATEMENT
Title Automatic process control for chemical engineers
250 ## - EDITION STATEMENT
Edition statement 1st ed.
260 ## - PUBLICATION, DISTRIBUTION, ETC. (IMPRINT)
Place of publication, distribution, etc. New Delhi
Name of publisher, distributor, etc. Wiley Eastern
Date of publication, distribution, etc. 1956
300 ## - PHYSICAL DESCRIPTION
Extent xiv, 228 p.
Other physical details ill.
Dimensions 23 cm.
504 ## - BIBLIOGRAPHY, ETC. NOTE
Bibliography, etc Includes bibliographies
650 #0 - SUBJECT ADDED ENTRY--TOPICAL TERM
Topical term or geographic name as entry element Chemical engineering
942 ## - ADDED ENTRY ELEMENTS (KOHA)
Koha item type General Book
Holdings
Koha full call number Koha normalized classification for sorting Source of classification or shelving scheme Piece designation (barcode) Location (home branch) Withdrawn status Sublocation or collection (holding branch) Koha date last seen Copy number Damaged status Koha item type Price effective from Lost status Shelving location Not for loan Date acquired
660.28/CEA/1956660_280000000000000_CEA_1956 32624Central Library, BUET Central Library, BUET2015-05-131 General Book2015-05-13 Circulation section 2015-05-13
660.28/CEA/1956660_280000000000000_CEA_1956 32623Central Library, BUET Central Library, BUET2015-05-132 General Book2015-05-13 Circulation section 2015-05-13
660.28/CEA/1956660_280000000000000_CEA_1956 32622Central Library, BUET Central Library, BUET2015-05-133 General Book2015-05-13 Circulation section 2015-05-13
660.28/CEA/1956660_280000000000000_CEA_1956 32621Central Library, BUET Central Library, BUET2015-05-134 General Book2015-05-13 Circulation section 2015-05-13
660.28/CEA/1956660_280000000000000_CEA_1956 20928Central Library, BUET Central Library, BUET2015-05-135 General Book2015-05-13 Circulation section 2015-05-13
660.28/CEA/1956660_280000000000000_CEA_1956 37310Central Library, BUET Central Library, BUET2015-05-136 General Book2015-05-13 Circulation section 2015-05-13
660.28/CEA/1956660_280000000000000_CEA_1956 32625Central Library, BUET Central Library, BUET2015-05-137 General Book2015-05-13 Circulation section 2015-05-13
660.28/CEA/1956660_280000000000000_CEA_1956 11145Central Library, BUET Central Library, BUET2015-05-138 General Book2015-05-13 Circulation section 2015-05-13
660.28/CEA/1956660_280000000000000_CEA_1956 11148Central Library, BUET Central Library, BUET2015-05-139 General Book2015-05-13 Circulation section 2015-05-13
660.28/CEA/1956660_280000000000000_CEA_1956 11144Central Library, BUET Central Library, BUET2015-05-1310 General Book2015-05-13 Circulation section 2015-05-13
660.28/CEA/1956660_280000000000000_CEA_1956 12431Central Library, BUET Central Library, BUET2015-05-1311 General Book2015-05-13 Circulation section 2015-05-13
660.28/CEA/1956660_280000000000000_CEA_1956 10151Central Library, BUET Central Library, BUET2015-05-1312 General Book2015-05-13 Circulation section 2015-05-13